Poética de la relación (Record no. 1855)

MARC details
000 -LEADER
campo de control de longitud fija 01396nam a2200145 4500
008 - DATOS DE LONGITUD FIJA--INFORMACIÓN GENERAL
campo de control de longitud fija 972.982 G561p
020 ## - NÚMERO INTERNACIONAL ESTÁNDAR DEL LIBRO
Número Internacional Estándar del Libro 9789875584655
082 ## - NÚMERO DE LA CLASIFICACIÓN DECIMAL DEWEY
Número de clasificación 972.982
Número de ítem G561p
100 ## - ENTRADA PRINCIPAL--NOMBRE DE PERSONA
Nombre de persona Glissant, Edouard
9 (RLIN) 7197
245 ## - MENCIÓN DEL TÍTULO
Título Poética de la relación
260 ## - PUBLICACIÓN, DISTRIBUCIÓN, ETC.
Lugar de publicación, distribución, etc. Argentina
Nombre del editor, distribuidor, etc. Universidad Nacional de Quilmes
Fecha de publicación, distribución, etc. 2017
300 ## - DESCRIPCIÓN FÍSICA
Extensión 248 p.
Dimensiones 20 x 15 cm
505 ## - NOTA DE CONTENIDO CON FORMATO
Título Prólogo de la presente edición
Mención de responsabilidad Manuel Rebón
Título I. Acercamientos. Un abordaje, mil pasajes
-- Imaginario
-- La barca abierta
-- La errancia, el exilio
-- Poéticas
-- Una errancia arraigada
-- II. Elementos. Lo elemental se recompone absolutamente
-- Repeticiones
-- La extensión y la filiación
-- Lugar cerrado, palabra abierta
-- De un barroco mundializado
-- Acerca de la información del poema
-- III. Caminos. En voz alta, para marcar la distancia
-- Creolizaciones
-- Dictar, prescribir
-- Construir una torre
-- Transparencia y opacidad
-- La playa negra
-- IV. Teorías. La teoría es ausencia, oscura y propicia
-- Relación
-- Lo relativo y el caos
-- Las distancias determinantes
-- Aquello que, aquello que
-- Religado (relevado), relatado
-- V. Poética. El ante, múltiple infinito en subsistencia
-- Generalización
-- Aquello siendo lo que no es
-- Para la opacidad
-- Círculo abierto, Relación vivida
-- La playa ardiente
-- Referencias
650 ## - PUNTO DE ACCESO ADICIONAL DE MATERIA--TÉRMINO DE MATERIA
Subdivisión general nacionalismo y literatura
-- Martinica
-- francés
-- creole
-- historia - Martinica
-- lengua y cultura - Martinica
9 (RLIN) 7198
Holdings
Estatus retirado Estado de pérdida Fuente del sistema de clasificación o colocación Estado de daño No para préstamo Biblioteca de origen Biblioteca actual Ubicación en estantería Fecha de adquisición Total de préstamos Signatura topográfica completa Visto por última vez Precio de reemplazo Tipo de ítem Koha
    Clasificación Decimal Dewey     Biblioteca LadoV Biblioteca LadoV   03/10/2019   972.982 G561p 03/10/2019 03/10/2019 Material 01